| 000 | 00420 a2200145 4500 | ||
|---|---|---|---|
| 001 | 149653 | ||
| 040 | _cEscola São Tomás de Aquino | ||
| 240 | 1 | 0 |
_aTerror na escola _lpor |
| 245 | 1 | 0 | _aTerror na escola |
| 300 | _a128 | ||
| 362 | 0 | _a2006 | |
| 440 | 1 | _aMelhoramentos | |
| 697 | _aHistórias de bruxas, centauros, fadas, duendes, deuses, sereias, ogres, vampiros, feiticeiros, mágicos | ||
| 942 | _cBK | ||
| 999 |
_c149653 _d149653 |
||